| 000 | 00927nam a22002537a 4500 | ||
|---|---|---|---|
| 005 | 20120501150724.0 | ||
| 008 | 120501t xxu||||| |||| 00| 0 eng d | ||
| 010 | _aENG-105166 | ||
| 020 |
_a9789380179988 _c995.00 |
||
| 035 | _aEN-88699 | ||
| 037 | _bDBAD/PUB | ||
| 040 |
_aDPL _bEng |
||
| 082 | _a657.044 | ||
| 100 |
_aShah, C.K. _946131 |
||
| 245 |
_aFundamentals of modern accounting / _cby C.K. Shah [and] Suresh Garg |
||
| 260 |
_aJaipur _bOxford Book _c2011 |
||
| 270 |
_aBony Residency, Gate No. 2, Opp. Tilak Public school, Vishveshria nagar, Gopalpura Road, _bJaipur _e302018 |
||
| 300 |
_a293p. _c24cm(Hb) |
||
| 500 | _aIncludes index | ||
| 650 |
_aAccounting _946145 |
||
| 700 |
_aGarg, Suresh _946132 |
||
| 942 |
_2ddc _cEN _h657.044 _mSHA |
||
| 999 |
_c65919 _d65919 |
||